00999nam a2200133 a 450000100080000000500110000800800410001924501130006026000720017330000230024550005670026865000120083565000180084710261892025-05-08 2023 bl uuuu u0uu1 u #d aPLANO de Descarbonização e Neutralização das Emissões de GEE do Espírito Santo.h[electronic resource] aGoverno do Estado do Espírito Santo, Vitória/ES, nov. 2023.c2023 a197 p.cil. color. aEste documento é um produto do projeto intitulado ?Plano Estadual de Mudanças Climáticas ? Estruturação?, financiado pela Fundação de Amparo à Pesquisa do Espírito Santo e executado por pesquisadores da Universidade Federal do Espírito Santo (UFES), Instituto Federal de Educação, Ciência e Tecnologia do Espírito Santo (IFES), Instituto Capixaba de Pesquisa, Assistência Técnica e Extensão Rural (INCAPER), Universidade Estadual de Campinas (UNICAMP) Agência de Regulação de Serviços Públicos (ARSP) e Governo do Estado do Espírito Santo. aCarbono aMeio Ambiente